|
|
|
|
| LEADER |
00000ny a22000003n 4500 |
| 005 |
20110512121226.0 |
| 006 |
s r p s a0 |
| 007 |
cr cnu a |
| 008 |
920505c1989 cousr1pe j 0 a0eng c |
| 010 |
|
|
|a sn 92002419
|
| 022 |
|
|
|a 1062-810X
|
| 035 |
|
|
|a 3530
|
| 040 |
|
|
|a WaSeSS
|d vLex
|
| 082 |
1 |
0 |
|a 330
|2 12
|
| 090 |
|
|
|c 1772
|d 1772
|
| 245 |
3 |
4 |
|a The Colorado Springs business journal
|h [Recurso electrn̤ico]
|
| 246 |
3 |
3 |
|a Colorado Springs business journal
|
| 256 |
|
|
|a Servicio en ln̕ea.
|
| 260 |
|
|
|a Springs, CO :
|b The Colorado Springs Business Journal, Inc
|
| 310 |
|
|
|a Mensual
|
| 506 |
1 |
|
|a Contenido solo disponible en los productos indicados
|d vLex Global
|d vLex Global (Academic Edition, excluding Law Schools)
|d vLex Global (U.S. Academic Edition, excluding Law Schools)
|
| 650 |
0 |
4 |
|a Negocios
|x Publicaciones periodicas
|
| 740 |
0 |
|
|a vLex Revista (Servicios en ln̕ea)
|
| 843 |
|
|
|a Electrn̤ica. Abierta
|
| 853 |
|
|
|8 1
|i (year)
|j (month)
|k (day)
|
| 856 |
4 |
0 |
|z Acceso restringido
|u http://vlex.com/account/login_ip?fuente_id=3530
|
| 942 |
|
|
|c REV
|